Code for the measurement of building works in small dwellings (Record no. 87022)

MARC details
000 -LEADER
fixed length control field 01020cam a2200205 4500
001 - CONTROL NUMBER
control field ##D8395
008 - FIXED-LENGTH DATA ELEMENTS--GENERAL INFORMATION
fixed length control field 090401t1963 xxu||||| |||| 00| 0 eng d
035 ## - SYSTEM CONTROL NUMBER
System control number (Sirsi) u12682
041 0# - LANGUAGE CODE
Language code of text/sound track or separate title eng
050 04 - LIBRARY OF CONGRESS CALL NUMBER
Classification number 692.3 $2 18
110 2# - MAIN ENTRY--CORPORATE NAME
Corporate name or jurisdiction name as entry element Royal Institution of Chartered Surveyors
9 (RLIN) 4900
245 00 - TITLE STATEMENT
Title Code for the measurement of building works in small dwellings
Remainder of title authorised by agreement between the Royal Institution of Chartered Surveyors and the National Federation of Building Trades Employers
250 ## - EDITION STATEMENT
Edition statement 2nd ed.
260 ## - PUBLICATION, DISTRIBUTION, ETC.
Place of publication, distribution, etc. London
Name of publisher, distributor, etc. Royal Institution of Chartered Surveyors
-- National Federation of Building Trades Employers
Date of publication, distribution, etc. 1963
300 ## - PHYSICAL DESCRIPTION
Extent vi, 18p.
Dimensions 30cm.
520 ## - SUMMARY, ETC.
Summary, etc. Provides a foundation for measuring building works in small dwellings such as houses, bungalows, flats and masionetttes. Its use is restricted to buildings of no more than two storeys high and 1200 square feet in floor space.
690 ## - LOCAL SUBJECT ADDED ENTRY--TOPICAL TERM (OCLC, RLIN)
Topical term or geographic name as entry element BUILT ENVIRONMENT-BUILDING INSPECTION-MEASURED SURVEYING
942 ## - ADDED ENTRY ELEMENTS (KOHA)
Suppress in OPAC 0
948 ## - LOCAL PROCESSING INFORMATION (OCLC); SERIES PART DESIGNATOR (RLIN)
c (OCLC) 04/03/1997
Holdings
Withdrawn status Lost status Source of classification or shelving scheme Damaged status Not for loan Home library Current library Shelving location Date acquired Total Checkouts Full call number Barcode Date last seen Copy number Price effective from Koha item type
    Other/Generic Classification Scheme     London London Boxed set 09/01/1992   SMM 1963/6 30032066 06/08/2019 1 06/08/2019 Reference material
    Dewey Decimal Classification     London London RICS Boxes 09/02/2006   ISVA/8 30071625 06/08/2019 1 06/08/2019 Reference material